[Event "SR 3. liga A2 2017/2018"]
[Site "?"]
[Date "2018.03.25"]
[Round "11.5"]
[White "Kramar, Matus"]
[Black "Ulehla, Jakub"]
[Result "1/2-1/2"]
[WhiteElo "1675"]
[BlackElo "1763"]
[PlyCount "58"]
[EventDate "2017.??.??"]

1. e4 c5 2. Nf3 Nc6 3. d4 cxd4 4. Nxd4 g6 5. Be3 Bg7 6. Bc4 Nf6 7. Nc3 O-O 8.
Qd2 d6 9. f3 Bd7 10. O-O Rc8 11. Nxc6 Bxc6 12. Bb3 a6 13. Rad1 Qc7 14. Qf2 Nd7
15. Bd4 Bxd4 16. Qxd4 Nc5 17. Bd5 Rfd8 18. f4 e6 19. Bxc6 bxc6 20. f5 exf5 21.
exf5 Nb7 22. Ne4 Qe7 23. Nf6+ Kh8 24. Rde1 Qf8 25. Rf4 Qg7 26. Rh4 h6 27. Re7
Nc5 28. fxg6 Ne6 29. Qc3 Rc7 1/2-1/2

[Event "SR 3. liga A2 2017/2018"]
[Site "?"]
[Date "2018.03.25"]
[Round "11.5"]
[White "Sadlon, Matus"]
[Black "Skreko, Igor"]
[Result "1/2-1/2"]
[WhiteElo "1694"]
[BlackElo "1573"]
[PlyCount "76"]
[EventDate "2017.??.??"]

1. e4 c5 2. Nf3 d6 3. c3 Nf6 4. Qc2 Nc6 5. d4 cxd4 6. cxd4 e6 7. Nc3 Bd7 8. Bg5
Be7 9. Be2 h6 10. Bh4 O-O 11. O-O Rc8 12. Rac1 a6 13. Rfd1 b5 14. a3 Qa5 15.
Bxf6 Bxf6 16. e5 Be7 17. Qd2 d5 18. Ne1 f6 19. f4 fxe5 20. dxe5 Rcd8 21. Bg4 d4
22. Ne2 Qxd2 23. Rxd2 g5 24. g3 Rc8 25. Nf3 gxf4 26. gxf4 Rf7 27. Kf2 Kg7 28.
b4 Kh7 29. Rcd1 Rg8 30. Bh3 Rgf8 31. Rd3 Bd8 32. Ke1 Bb6 33. Rc1 Rc8 34. Nfxd4
Nxd4 35. Rxc8 Bxc8 36. Nxd4 Bxd4 37. Rxd4 Rd7 38. Rxd7+ Bxd7 1/2-1/2

[Event "SR 3. liga A2 2017/2018"]
[Site "?"]
[Date "2018.03.25"]
[Round "11.5"]
[White "Rusnacik, Milan"]
[Black "Celustkova, Lubica"]
[Result "0-1"]
[WhiteElo "1333"]
[BlackElo "1718"]
[PlyCount "56"]
[EventDate "2017.??.??"]

1. d4 f5 2. c4 g6 3. Nf3 Bg7 4. g3 Nf6 5. Bg2 O-O 6. O-O d6 7. Nc3 Qe8 8. Qc2
e5 9. dxe5 dxe5 10. e4 Na6 11. a3 c6 12. Nd2 Nh5 13. b4 f4 14. Nf3 h6 15. Bb2
g5 16. gxf4 Nxf4 17. Rad1 Qh5 18. Ne2 Nxg2 19. Ng3 Qh3 20. Ne1 Nxe1 21. Rfxe1
Bg4 22. Rd3 Bf3 23. Rxf3 Rxf3 24. Rf1 Raf8 25. Qe2 Nc7 26. Bc1 Ne6 27. Be3 Nd4
28. Qd2 Rxg3+ 0-1

[Event "SR 3. liga A2 2017/2018"]
[Site "?"]
[Date "2018.03.25"]
[Round "11.6"]
[White "Danada, Ondrej"]
[Black "Takacs, Laszlo"]
[Result "0-1"]
[WhiteElo "1855"]
[BlackElo "2247"]
[PlyCount "46"]
[EventDate "2017.??.??"]

1. e4 c5 2. Nf3 e6 3. g3 Nc6 4. Bg2 Nf6 5. d3 d5 6. Nbd2 Be7 7. O-O O-O 8. c3
Qc7 9. a4 b6 10. Qc2 Rd8 11. Re1 Ba6 12. Nf1 dxe4 13. dxe4 Bd3 14. Qb3 Na5 15.
Qa3 Bxe4 16. Bf4 Qb7 17. Rxe4 Nxe4 18. N3d2 f5 19. Nxe4 fxe4 20. Nd2 Rxd2 21.
Bxd2 Nc4 22. Qb3 Nxd2 23. Qxe6+ Kh8 0-1

[Event "SR 3. liga A2 2017/2018"]
[Site "?"]
[Date "2018.03.25"]
[Round "11.6"]
[White "Cibulka, Vladimir"]
[Black "Brunovsky, Peter"]
[Result "1-0"]
[WhiteElo "2151"]
[BlackElo "1835"]
[PlyCount "127"]
[EventDate "2017.??.??"]

1. d4 Nf6 2. Nf3 g6 3. Bf4 Bg7 4. e3 O-O 5. Bd3 d5 6. Nbd2 Bg4 7. h3 Bxf3 8.
Qxf3 c6 9. c3 Nbd7 10. g4 Ne8 11. Qg3 Ndf6 12. h4 h5 13. g5 Nd7 14. Nf3 Qa5 15.
O-O Rc8 16. Ne5 Nxe5 17. Bxe5 Bxe5 18. Qxe5 Qc7 19. f4 e6 20. Qxc7 Rxc7 21. b4
Nd6 22. Rfc1 b5 23. a4 a6 24. axb5 axb5 25. Ra6 Rb8 26. Rca1 Kf8 27. Kf2 Ke7
28. Kf3 Kd7 29. Ra8 Rxa8 30. Rxa8 Rc8 31. Ra1 Rc7 32. e4 Ke7 33. Ra8 Rd7 34.
Ke3 Rd8 35. Ra6 Rc8 36. Ra7+ Ke8 37. Kf3 Rd8 38. Rc7 Rc8 39. Ra7 Rd8 40. Ra6
Rc8 41. exd5 exd5 42. f5 gxf5 43. Kf4 Ne4 44. Be2 Ke7 45. Ra7+ Ke6 46. Bxh5 Nd6
47. g6 fxg6 48. Bxg6 Kf6 49. h5 Rd8 50. Rc7 Rc8 51. Rd7 Ke6 52. Ra7 Kf6 53. Ra6
Rc7 54. Ra8 Rc8 55. Rxc8 Nxc8 56. Be8 Nd6 57. Bxc6 Ne4 58. Bxb5 Nxc3 59. Bd3
Na2 60. b5 Nb4 61. Bxf5 Na2 62. b6 Nb4 63. b7 Nc6 64. Bd7 1-0

[Event "SR 3. liga A2 2017/2018"]
[Site "?"]
[Date "2018.03.25"]
[Round "11.6"]
[White "Kubis, Ivan"]
[Black "Blaho, Stefan"]
[Result "0-1"]
[WhiteElo "1932"]
[BlackElo "2036"]
[PlyCount "40"]
[EventDate "2017.??.??"]

1. e4 c5 2. Nf3 d6 3. d4 cxd4 4. Nxd4 Nf6 5. Nc3 g6 6. Be3 Bg7 7. f3 O-O 8. Qd2
Nc6 9. O-O-O Nxd4 10. Bxd4 Be6 11. Kb1 Qc7 12. Be2 Rfc8 13. h4 Qa5 14. a3 Rab8
15. Na2 Qxd2 16. Rxd2 Nh5 17. Rdd1 Bxa2+ 18. Kxa2 Rxc2 19. Rhe1 Rbc8 20. Bc3
R8xc3 0-1

[Event "SR 3. liga A2 2017/2018"]
[Site "?"]
[Date "2018.03.25"]
[Round "11.6"]
[White "Rachela, Jozef"]
[Black "Takacs, Zsolt"]
[Result "1-0"]
[WhiteElo "2016"]
[BlackElo "1774"]
[PlyCount "101"]
[EventDate "2017.??.??"]

1. e4 c5 2. Nf3 Nc6 3. c4 e5 4. Nc3 d6 5. g3 Nf6 6. Bg2 Be7 7. d3 h6 8. O-O O-O
9. a3 a5 10. Nb5 Na7 11. Nc3 Bd7 12. Ne1 b5 13. f4 bxc4 14. dxc4 exf4 15. Bxf4
Bc6 16. Nc2 Ne8 17. Qe2 Bf6 18. Rad1 Qe7 19. Rfe1 Rb8 20. Ne3 Bd4 21. Kh1 Bxe3
22. Bxe3 Nc7 23. Rd2 f5 24. Bf4 Rbd8 25. Qd1 Nc8 26. exf5 Bxg2+ 27. Kxg2 Qf7
28. Bxd6 Nxd6 29. Rxd6 Rxd6 30. Qxd6 Qxf5 31. Qd2 Qf3+ 32. Kg1 Kh8 33. Qe2 Qf7
34. Rf1 Qg8 35. Rxf8 Qxf8 36. Qe5 Na6 37. Nd5 Qf3 38. Ne3 Qe2 39. Qc3 Qf3 40.
Nd5 Qd1+ 41. Kf2 Qb1 42. Nf4 Nb8 43. Qe5 Qc2+ 44. Qe2 Qb3 45. Ng6+ Kh7 46. Ne7
Kh8 47. Qe6 Qxb2+ 48. Kg1 Qd4+ 49. Kg2 Qd8 50. Kh3 Qd7 51. Ng6+ 1-0

[Event "SR 3. liga A2 2017/2018"]
[Site "?"]
[Date "2018.03.25"]
[Round "11.6"]
[White "Kastler, Peter"]
[Black "Matis, Tibor"]
[Result "1/2-1/2"]
[WhiteElo "1740"]
[BlackElo "1908"]
[PlyCount "120"]
[EventDate "2017.??.??"]

1. d4 Nf6 2. c4 c5 3. Nf3 e6 4. e3 d5 5. Nc3 Nc6 6. Be2 b6 7. O-O Bb7 8. b3 Rc8
9. Bb2 Bd6 10. Rc1 O-O 11. cxd5 exd5 12. dxc5 bxc5 13. Qd2 Re8 14. Rfd1 Ne5 15.
Nxe5 Bxe5 16. Bf3 Qc7 17. h3 Rcd8 18. Qc2 a6 19. Na4 Bxb2 20. Qxb2 Qd6 21. Nxc5
Ba8 22. Na4 Ne4 23. Nc3 Qg6 24. Nxe4 dxe4 25. Be2 Rd3 26. Bxd3 exd3 27. f4 h6
28. Qf2 Qf5 29. Rc3 Rd8 30. Rd2 Be4 31. Qh4 Rd6 32. Qe7 Rg6 33. Qe8+ Kh7 34.
Qe5 Qxe5 35. fxe5 Rg5 36. Rcxd3 Bxd3 37. Rxd3 Rxe5 38. Kf2 Rc5 39. a4 a5 40. e4
Kg6 41. Ke3 Rc2 42. g3 Rh2 43. h4 Kh5 44. Kf3 Rb2 45. Rd5+ g5 46. Rb5 Rb1 47.
hxg5 hxg5 48. Rb6 Rf1+ 49. Kg2 Rb1 50. Kf2 Kg4 51. Rb5 Rb2+ 52. Ke3 f6 53. Kd4
Kxg3 54. Kc3 Re2 55. Kd3 Rb2 56. Kc3 Re2 57. Kd3 Rb2 58. e5 fxe5 59. Rxe5 Kf4
60. Rxa5 Rxb3+ 1/2-1/2

[Event "SR 3. liga A2 2017/2018"]
[Site "?"]
[Date "2018.03.25"]
[Round "11.6"]
[White "Viczencz, Peter"]
[Black "Kanka, Tomas"]
[Result "0-1"]
[WhiteElo "1861"]
[BlackElo "1703"]
[PlyCount "44"]
[EventDate "2017.??.??"]

1. e4 e5 2. Nf3 Nc6 3. d4 exd4 4. Bc4 Nf6 5. O-O d6 6. Re1 Be7 7. Nxd4 O-O 8.
Nc3 a6 9. Bf4 Nxd4 10. Qxd4 Nh5 11. Be3 Bf6 12. Qd3 Re8 13. Bxf7+ Kxf7 14. Qd5+
Kg6 15. f4 h6 16. Na4 c6 17. f5+ Kh7 18. Qf7 Rxe4 19. Bxh6 Bxf5 20. Qxh5 Bg6
21. Qf3 Rxe1+ 22. Rxe1 gxh6 0-1

[Event "SR 3. liga A2 2017/2018"]
[Site "?"]
[Date "2018.03.25"]
[Round "11.6"]
[White "Mraz, Jan"]
[Black "Kiss, Balazs"]
[Result "1-0"]
[WhiteElo "1637"]
[BlackElo "1440"]
[PlyCount "95"]
[EventDate "2017.??.??"]

1. d4 d5 2. b3 Nf6 3. Bb2 e6 4. e3 Be7 5. Bd3 Nc6 6. a3 Bd6 7. Ne2 O-O 8. Ng3
e5 9. c4 dxc4 10. bxc4 exd4 11. exd4 b6 12. O-O Bxg3 13. fxg3 Ng4 14. Qf3 Rb8
15. Qxc6 Bb7 16. Qb5 a6 17. Qh5 Nh6 18. d5 f6 19. Bc1 Qe7 20. Bxh6 gxh6 21.
Qxh6 Rf7 22. Nc3 Qe5 23. Rf3 Qxc3 24. Bxh7+ Rxh7 25. Qxh7+ Kxh7 26. Rxc3 Kg6
27. Re1 b5 28. cxb5 axb5 29. Rxc7 Bxd5 30. Ree7 Rg8 31. Kf2 Ra8 32. Ra7 Rc8 33.
Rec7 Re8 34. g4 Re4 35. Rg7+ Kh6 36. Rh7+ Kg5 37. Rh5+ Kxg4 38. Rxd5 Rf4+ 39.
Ke3 Rc4 40. Rg7+ Kh4 41. Rd4+ Kh5 42. Rxc4 bxc4 43. Kd4 Kh6 44. Rg3 f5 45. Kxc4
f4 46. Rg4 Kh5 47. Rxf4 Kg5 48. Rd4 1-0

[Event "SR 4. liga A21 2017/2018"]
[Site "?"]
[Date "2017.10.01"]
[Round "1.1"]
[White "Curidlo, Jan"]
[Black "Koutny, Petr"]
[Result "0-1"]
[WhiteElo "1880"]
[BlackElo "2169"]
[PlyCount "106"]
[EventDate "2017.??.??"]

1. e4 c5 2. Nf3 e6 3. d4 cxd4 4. Nxd4 d6 5. Be3 Nf6 6. Nd2 Be7 7. Be2 O-O 8.
O-O Nc6 9. c3 e5 10. N4f3 d5 11. exd5 Nxd5 12. Nc4 Nxe3 13. Nxe3 e4 14. Nd4
Nxd4 15. cxd4 Bf6 16. Nc2 Qb6 17. Rb1 Rd8 18. d5 Qa5 19. Bc4 b5 20. b4 Qb6 21.
Bb3 Bb7 22. Ne3 Be5 23. Qh5 Bf4 24. Rbe1 g6 25. Qh4 Bxe3 26. Rxe3 f5 27. Rh3 h5
28. d6+ Kg7 29. Qe7+ Kh6 30. Rd1 Re8 31. Qf6 Qd8 32. Qd4 Bc6 33. Rc3 Qd7 34.
Qc5 Rac8 35. Qe3+ Kh7 36. Qg5 Red8 37. Qf4 Bb7 38. Rc5 Rxc5 39. bxc5 a5 40. Qe5
Re8 41. Qd4 f4 42. Bd5 Bc6 43. Re1 f3 44. Rxe4 Qg4 45. Kf1 fxg2+ 46. Kg1 Bxd5
47. Qxd5 Rxe4 48. Qf7+ Kh6 49. Qf8+ Kg5 50. Qd8+ Kf4 51. Qf6+ Qf5 52. Qc3 Qe6
53. h3 Re1+ 0-1

[Event "SR 4. liga A21 2017/2018"]
[Site "?"]
[Date "2017.10.01"]
[Round "1.1"]
[White "Hrubsa, Marian"]
[Black "Musaev, Urmat"]
[Result "1-0"]
[WhiteElo "1916"]
[BlackElo "1786"]
[PlyCount "59"]
[EventDate "2017.??.??"]

1. e4 c5 2. Nf3 d6 3. d4 cxd4 4. Nxd4 Nf6 5. Nc3 a6 6. Be2 e6 7. O-O Be7 8. f4
Nc6 9. Be3 Qc7 10. Qe1 Nxd4 11. Bxd4 e5 12. fxe5 dxe5 13. Qg3 Bc5 14. Bxc5
Qxc5+ 15. Kh1 O-O 16. Rxf6 Kh8 17. Rf3 f6 18. Rd1 Be6 19. Rfd3 Rae8 20. Bh5 Rb8
21. Rd6 Qc8 22. Qe3 b5 23. Be2 Rb7 24. Rxa6 b4 25. Nb1 Bc4 26. Bxc4 Qxc4 27.
Qd3 Qc7 28. Rd6 Qe7 29. Rd7 Rxd7 30. Qxd7 {zvysok sa neda zrekonstruovat} 1-0

[Event "SR 4. liga A21 2017/2018"]
[Site "?"]
[Date "2017.10.01"]
[Round "1.1"]
[White "Musaev, Matej Elbek"]
[Black "Vepy, Ivan"]
[Result "1-0"]
[WhiteElo "1676"]
[BlackElo "1865"]
[PlyCount "61"]
[EventDate "2017.??.??"]

1. e4 e5 2. Nf3 Nc6 3. Bc4 Be7 4. c3 Nf6 5. d3 O-O 6. O-O d6 7. Bb3 Kh8 8. Re1
Bg4 9. Nbd2 Qd7 10. Nf1 Rad8 11. h3 Be6 12. Bc2 Ng8 13. d4 Bc4 14. Ne3 Ba6 15.
Nf5 Bf6 16. Ng5 g6 17. Ng3 exd4 18. cxd4 Nxd4 19. Bb1 b6 20. Be3 c5 21. Qd2 Ne7
22. a3 Nec6 23. Ba2 Qe7 24. Rac1 Ne5 25. Rb1 h6 26. Bxd4 cxd4 27. Nf3 Nxf3+ 28.
gxf3 Rc8 29. Qxh6+ Kg8 30. Qxg6+ Bg7 31. Nh5 1-0

[Event "SR 4. liga A21 2017/2018"]
[Site "?"]
[Date "2017.10.01"]
[Round "1.1"]
[White "Planka, Peter"]
[Black "Oravec, Pavol"]
[Result "1-0"]
[WhiteElo "1807"]
[BlackElo "1770"]
[PlyCount "92"]
[EventDate "2017.??.??"]

1. e4 e6 2. d4 d5 3. Nd2 Nf6 4. e5 Nfd7 5. Bd3 c5 6. c3 Nc6 7. Ne2 f6 8. exf6
Nxf6 9. O-O Bd7 10. Nf3 Bd6 11. Bf4 Qc7 12. Bxd6 Qxd6 13. Re1 O-O 14. Ng3 cxd4
15. cxd4 Qf4 16. Qc1 Qd6 17. a3 Rac8 18. Qe3 Ng4 19. Qe2 Qf4 20. Rad1 Rf7 21.
Qd2 Qd6 22. Qg5 Qf4 23. Qxf4 Rxf4 24. h3 Nf6 25. Ne2 Nh5 26. Nxf4 Nxf4 27. Bb1
Rf8 28. Ne5 Bc8 29. Bc2 Ne7 30. Rd2 Nf5 31. Bxf5 Rxf5 32. Rc1 Rf8 33. Rc7 b6
34. Rxa7 g5 35. Nd7 Bxd7 36. Rxd7 Rf7 37. Rd8+ Kg7 38. Rb8 Rd7 39. Rxb6 Kf6 40.
Kh2 Kf5 41. g3 Ng6 42. Kg2 h5 43. Re2 Re7 44. a4 h4 45. a5 hxg3 46. fxg3 Nf8
1-0

[Event "SR 4. liga A21 2017/2018"]
[Site "?"]
[Date "2017.10.01"]
[Round "1.1"]
[White "Sedlak, Rastislav"]
[Black "Bartos, Bohumil"]
[Result "1-0"]
[WhiteElo "1675"]
[BlackElo "1610"]
[PlyCount "96"]
[EventDate "2017.??.??"]

1. e4 c6 2. d4 d5 3. exd5 cxd5 4. c4 Nf6 5. Nc3 Bf5 6. cxd5 Nxd5 7. Bb5+ Nc6 8.
Bxc6+ bxc6 9. Nf3 Nxc3 10. bxc3 Bg4 11. O-O Qd5 12. Ba3 Bxf3 13. Qxf3 Qxf3 14.
gxf3 e6 15. Bxf8 Rxf8 16. Rab1 Rd8 17. Rb7 Rd5 18. Rxa7 Rg5+ 19. Kh1 Rf5 20.
Rb1 Rb5 21. Rxb5 cxb5 22. Rb7 Kd8 23. Rxb5 Kc7 24. a4 Ra8 25. Rb4 Kc6 26. f4
Ra7 27. Kg2 Kd5 28. Kf3 Rc7 29. Rb5+ Kc4 30. Rb1 Kd5 31. Rb3 Kc4 32. Ra3 f5 33.
a5 Ra7 34. Ke3 Kb5 35. Kd3 Rxa5 36. Rxa5+ Kxa5 37. Kc4 Kb6 38. d5 exd5+ 39.
Kxd5 Kc7 40. Ke6 g6 41. Kf6 Kd6 42. Kg7 Kd5 43. Kxh7 Ke4 44. Kxg6 Kxf4 45. h4
Kg4 46. h5 f4 47. h6 Kf3 48. h7 Kxf2 1-0

[Event "SR 4. liga A21 2017/2018"]
[Site "?"]
[Date "2017.10.01"]
[Round "1.2"]
[White "Ocko, Martin"]
[Black "Valach, Peter"]
[Result "1-0"]
[WhiteElo "1981"]
[BlackElo "1786"]
[PlyCount "61"]
[EventDate "2017.??.??"]

1. e4 c5 2. d4 cxd4 3. c3 dxc3 4. Nxc3 Nc6 5. Bc4 d6 6. Nf3 e6 7. O-O Be7 8.
Qe2 Nf6 9. Rd1 Qc7 10. Bf4 a6 11. e5 dxe5 12. Nxe5 O-O 13. Ng6 e5 14. Nxe5 Nxe5
15. Bxe5 Qc6 16. Nd5 Nxd5 17. Bxd5 Qg6 18. Bxg7 Re8 19. Bc3 Kf8 20. Qe5 f6 21.
Qg3 Qxg3 22. hxg3 Rb8 23. Rd2 b5 24. Ba5 Bd8 25. Bxd8 Rxd8 26. Rad1 Rb6 27. Be4
Rxd2 28. Rxd2 Kg7 29. Rc2 Be6 30. Rc7+ Kh6 31. Rxh7+ 1-0

[Event "SR 4. liga A21 2017/2018"]
[Site "?"]
[Date "2017.10.01"]
[Round "1.2"]
[White "Karel, Jozef"]
[Black "Diviak, Rudolf"]
[Result "0-1"]
[WhiteElo "1764"]
[BlackElo "1772"]
[PlyCount "98"]
[EventDate "2017.??.??"]

1. e4 e5 2. Nf3 Nc6 3. Bc4 Bc5 4. c3 Nf6 5. d4 exd4 6. cxd4 Bb4+ 7. Bd2 Nxe4 8.
Bxb4 Nxb4 9. Bxf7+ Kxf7 10. Qb3+ Ke8 11. Qxb4 Qe7 12. Qxe7+ Kxe7 13. O-O d5 14.
Re1 Kf6 15. Nbd2 Nxd2 16. Nxd2 Be6 17. Rac1 Rac8 18. Nb3 b6 19. Rc6 Rhe8 20.
Rec1 Re7 21. Nd2 Kf7 22. Nf3 Kf8 23. Ne5 Ke8 24. f3 Kd8 25. Kf2 Bd7 26. R6c3
Be8 27. b4 Ra8 28. Nc6+ Bxc6 29. Rxc6 Rc8 30. R1c3 Kd7 31. b5 Re6 32. Rxe6 Kxe6
33. Rc6+ Kd7 34. g3 a6 35. a4 axb5 36. axb5 Ra8 37. Rc2 Ra4 38. Rb2 Rxd4 39.
Ke3 Rc4 40. f4 Kd6 41. h3 Rc3+ 42. Kf2 d4 43. h4 g6 44. g4 Kd5 45. Re2 Rc5 46.
Re5+ Kd6 47. Rxc5 bxc5 48. Ke2 c4 49. Kd2 Kd5 0-1

[Event "SR 4. liga A21 2017/2018"]
[Site "?"]
[Date "2017.10.01"]
[Round "1.2"]
[White "Jarabek, Milan"]
[Black "Sulko, Vit"]
[Result "1-0"]
[WhiteElo "1738"]
[BlackElo "1670"]
[PlyCount "67"]
[EventDate "2017.??.??"]

1. e4 c5 2. Nf3 d6 3. d4 cxd4 4. Nxd4 Nf6 5. Nc3 g6 6. Be3 Bg7 7. f3 Bd7 8. Qd2
O-O 9. O-O-O a6 10. Bh6 Nc6 11. Bxg7 Kxg7 12. g4 h5 13. gxh5 Nxh5 14. f4 Nxd4
15. Qxd4+ f6 16. f5 Be8 17. Be2 Nf4 18. Bg4 Rh8 19. Qf2 Nh3 20. Bxh3 Rxh3 21.
fxg6 Bxg6 22. Rdg1 Kf7 23. Rxg6 Rxc3 24. Rhg1 Rc5 25. Qh4 Qh8 26. Qg4 Rf8 27.
Rg7+ Ke8 28. Qe6 Rc7 29. Rg8 Qh6+ 30. Kb1 Rc5 31. Rxf8+ Qxf8 32. Rg8 Qxg8 33.
Qxg8+ Kd7 34. Qg4+ 1-0

[Event "SR 4. liga A21 2017/2018"]
[Site "?"]
[Date "2017.10.01"]
[Round "1.2"]
[White "Slezak, Rudolf"]
[Black "Ulehla, Jakub"]
[Result "0-1"]
[WhiteElo "1661"]
[BlackElo "1653"]
[PlyCount "138"]
[EventDate "2017.??.??"]

1. c4 e5 2. Nc3 g6 3. g3 Bg7 4. Bg2 Nc6 5. Nf3 f5 6. d3 Nf6 7. e4 d6 8. O-O O-O
9. Qe1 Nb4 10. Qd2 Nc6 11. a3 fxe4 12. dxe4 Bg4 13. h3 Bxf3 14. Bxf3 Nd4 15.
Bg2 Nb3 16. Qd1 Nxa1 17. Bg5 c6 18. Qxa1 Qb6 19. Qa2 Kh8 20. Be3 Qc7 21. b4
Rfd8 22. Qe2 Rac8 23. a4 a5 24. Qb2 axb4 25. Qxb4 c5 26. Qb5 Ra8 27. Rb1 Rdb8
28. Bg5 Qa5 29. Qxa5 Rxa5 30. h4 h6 31. Bxf6 Bxf6 32. Bh3 Kg7 33. Be6 Kf8 34.
Bd5 b6 35. Bc6 Bd8 36. Bb5 Rba8 37. Rd1 Ke7 38. Rd3 Ke6 39. Rf3 Rxb5 40. cxb5
Be7 41. Rd3 g5 42. hxg5 Bxg5 43. Rd1 Ra7 44. Kf1 Ra8 45. Ke2 Ra7 46. Ra1 Bd8
47. f4 exf4 48. gxf4 Rg7 49. Rh1 Rh7 50. Rh5 Bf6 51. Nd5 Bd8 52. Ne3 Bf6 53.
Nf5 d5 54. e5 Be7 55. Ne3 Bd8 56. Rh2 h5 57. Rg2 h4 58. Rg6+ Kf7 59. Rg2 Ke6
60. Rh2 h3 61. Kf3 d4 62. Ng4 Kf5 63. Nf2 Rh4 64. Nxh3 c4 65. Kg3 Rg4+ 66. Kf3
Bh4 67. Rg2 Rxg2 68. Kxg2 c3 69. Ng1 c2 0-1

[Event "SR 4. liga A21 2017/2018"]
[Site "?"]
[Date "2017.10.01"]
[Round "1.2"]
[White "Hrdlicka, Martin"]
[Black "Pinkas, Jan"]
[Result "1-0"]
[WhiteElo "1338"]
[BlackElo "1577"]
[PlyCount "77"]
[EventDate "2017.??.??"]

1. e4 e5 2. Nf3 Nc6 3. Bb5 d6 4. d4 Bd7 5. O-O Na5 6. Bxd7+ Qxd7 7. dxe5 O-O-O
8. b4 Nc4 9. Qd4 Nb6 10. a4 dxe5 11. Qxd7+ Nxd7 12. b5 f6 13. Be3 Bc5 14. Nc3
Bxe3 15. fxe3 Ne7 16. a5 Nc5 17. b6 a6 18. bxc7 Kxc7 19. Rab1 Rd6 20. Rb2 Rhd8
21. Rfb1 Rc6 22. Na4 Rb8 23. Nc3 Nd7 24. Na4 Rc4 25. Nb6 Nxb6 26. axb6+ Kc6 27.
Nd2 Rc5 28. c4 Rd8 29. Nb3 Kxb6 30. Nxc5+ Kxc5 31. Rxb7 Nc8 32. Rb8 Kc6 33. Ra8
Kc5 34. Rbb8 Rd1+ 35. Kf2 Nb6 36. Rxa6 Rd2+ 37. Kf3 Nxc4 38. Ra7 Rd3 39. Rc7+
1-0

[Event "SR 4. liga A21 2017/2018"]
[Site "?"]
[Date "2017.10.01"]
[Round "1.3"]
[White "Podjavorinsky, Michal"]
[Black "Kubis, Ivan"]
[Result "1-0"]
[WhiteElo "1868"]
[BlackElo "1897"]
[PlyCount "25"]
[EventDate "2017.??.??"]

1. e4 e5 2. Nc3 Nf6 3. g3 d5 4. exd5 Nxd5 5. Bg2 Be6 6. Nge2 Be7 7. O-O O-O 8.
d4 exd4 9. Nxd4 Nxc3 10. bxc3 Bc4 11. Bxb7 Bxf1 12. Qxf1 Nd7 13. Nc6 1-0

[Event "SR 4. liga A21 2017/2018"]
[Site "?"]
[Date "2017.10.01"]
[Round "1.3"]
[White "Valla, Tomas"]
[Black "Miciak, Emanuel"]
[Result "1/2-1/2"]
[WhiteElo "1848"]
[BlackElo "1872"]
[PlyCount "63"]
[EventDate "2017.??.??"]

1. e4 c5 2. c3 d5 3. exd5 Qxd5 4. d4 Nf6 5. Nf3 e6 6. Na3 Be7 7. Nb5 Na6 8. Be2
O-O 9. O-O Qd8 10. Bf4 Nd5 11. Bg3 Nac7 12. Ne5 Nxb5 13. Bxb5 a6 14. Be2 Bd6
15. Qd3 Qc7 16. Rac1 b6 17. Bf3 Bb7 18. Rfe1 Rad8 19. a3 Nf6 20. Bxb7 Qxb7 21.
Bh4 Be7 22. Re3 Rd5 23. Rh3 h6 24. Qe3 Rfd8 25. Rd1 cxd4 26. cxd4 Qc7 27. Nf3
Qc2 28. Re1 Rc8 29. b4 Ng4 30. Qf4 Bxh4 31. Nxh4 Nf6 32. Rhe3 1/2-1/2

[Event "SR 4. liga A21 2017/2018"]
[Site "?"]
[Date "2017.10.01"]
[Round "1.3"]
[White "Jancovicova, Petra"]
[Black "Zajicek, Ferdinand"]
[Result "1-0"]
[WhiteElo "1686"]
[BlackElo "1806"]
[PlyCount "69"]
[EventDate "2017.??.??"]

1. e4 c5 2. Nf3 Nc6 3. d4 cxd4 4. Nxd4 Nf6 5. Nc3 d6 6. Be2 g6 7. Be3 Bg7 8.
O-O O-O 9. Qd2 Qa5 10. Nb3 Qd8 11. f4 Be6 12. f5 Bxb3 13. axb3 a6 14. fxg6 hxg6
15. Rf4 e5 16. Rf2 Qc7 17. Raf1 Nh7 18. Bc4 Nd8 19. Nd5 Qb8 20. Nb6 Ne6 21.
Nxa8 Qxa8 22. Rxf7 Rxf7 23. Bxe6 Nf6 24. Bxf7+ Kxf7 25. Bg5 Ke6 26. Bxf6 Bxf6
27. Qf2 Qd8 28. g4 Qe7 29. Qd2 Qc7 30. Qd5+ Ke7 31. g5 Qb6+ 32. Kh1 Bxg5 33.
Rf7+ Kd8 34. Qe6 Qb5 35. Qxd6+ 1-0

[Event "SR 4. liga A21 2017/2018"]
[Site "?"]
[Date "2017.10.01"]
[Round "1.3"]
[White "Kanka, Tomas"]
[Black "Podjavorinsky, Peter"]
[Result "0-1"]
[WhiteElo "1711"]
[BlackElo "1661"]
[PlyCount "68"]
[EventDate "2017.??.??"]

1. e4 e5 2. Nf3 Nf6 3. Nc3 Nc6 4. d4 exd4 5. Nxd4 Bb4 6. Bg5 O-O 7. Nxc6 Bxc3+
8. bxc3 bxc6 9. Bd3 h6 10. h4 Re8 11. Qe2 d6 12. O-O-O hxg5 13. hxg5 Nxe4 14.
Rh8+ Kxh8 15. Qh5+ Kg8 16. Bxe4 Rxe4 17. Rh1 f5 18. g6 Kf8 19. Qh8+ Ke7 20.
Qxg7+ Ke6 21. Qf7+ Ke5 22. g3 Be6 23. f4+ Kd5 24. Qg7 Qd7 25. c4+ Kc5 26. Qb2
Bxc4 27. a3 Qe8 28. Qb4+ Kd5 29. g7 Qf7 30. Qd2+ Rd4 31. Qg2+ Kc5 32. Qf2 Qd5
33. c3 Qxh1+ 34. Kc2 Qd1+ 0-1

[Event "SR 4. liga A21 2017/2018"]
[Site "?"]
[Date "2017.10.01"]
[Round "1.3"]
[White "Lanyi, Frantisek"]
[Black "Kastler, Peter"]
[Result "1-0"]
[WhiteElo "1666"]
[BlackElo "1750"]
[PlyCount "101"]
[EventDate "2017.??.??"]

1. d4 d5 2. c4 e6 3. Nc3 Nf6 4. Bg5 Be7 5. e3 c6 6. Nf3 Nbd7 7. Bd3 b6 8. Qc2
Bb7 9. cxd5 cxd5 10. O-O O-O 11. Ne5 h6 12. Bh4 Rc8 13. Nxd7 Qxd7 14. Qe2 Bc6
15. Rac1 Ne8 16. Bg3 Bd6 17. Bh4 Be7 18. Bxe7 Qxe7 19. Rc2 Nd6 20. Rfc1 Qd7 21.
a3 Ba4 22. Nxa4 Qxa4 23. Rxc8 Rxc8 24. Rxc8+ Nxc8 25. Bc2 Qc6 26. Qd3 g6 27. f3
Nd6 28. e4 dxe4 29. fxe4 Qc4 30. e5 Qxd3 31. Bxd3 Nf5 32. Bxf5 gxf5 33. Kf2 Kg7
34. Kf3 Kg6 35. Kf4 h5 36. h4 a6 37. b4 b5 38. Kf3 f6 39. exf6 Kxf6 40. Kf4 Kg6
41. Ke5 Kf7 42. d5 exd5 43. Kxf5 d4 44. Ke4 Kf6 45. Kxd4 Kf5 46. Kc5 Kg4 47.
Kb6 Kxh4 48. Kxa6 Kg3 49. Kxb5 Kxg2 50. a4 h4 51. a5 1-0

[Event "SR 4. liga A21 2017/2018"]
[Site "?"]
[Date "2017.10.01"]
[Round "1.4"]
[White "Valigursky, Michal"]
[Black "Skapikova, Lubica"]
[Result "0-1"]
[WhiteElo "1669"]
[BlackElo "1875"]
[PlyCount "60"]
[EventDate "2017.??.??"]

1. e4 e5 2. Nf3 Nc6 3. d4 exd4 4. Bc4 Be7 5. c3 d3 6. Qxd3 d6 7. O-O Nf6 8. Re1
Ne5 9. Nxe5 dxe5 10. Qg3 Ng4 11. Qf3 O-O 12. h3 Nf6 13. Rd1 Bd7 14. Bg5 h6 15.
Bh4 Qe8 16. g4 Nh7 17. Bxe7 Qxe7 18. h4 Rad8 19. Qg3 Nf6 20. g5 hxg5 21. Qxg5
Qc5 22. Nd2 Bg4 23. b4 Qc6 24. f3 Bh5 25. Kg2 b5 26. Bb3 Qxc3 27. Rac1 Rxd2+
28. Qxd2 Qxf3+ 29. Kg1 Nxe4 30. Bxf7+ Bxf7 0-1

[Event "SR 4. liga A21 2017/2018"]
[Site "?"]
[Date "2017.10.01"]
[Round "1.4"]
[White "Skapik, Branislav"]
[Black "Klimes, Karel"]
[Result "1/2-1/2"]
[WhiteElo "1817"]
[BlackElo "1641"]
[PlyCount "97"]
[EventDate "2017.??.??"]

1. c4 e5 2. Nc3 Nf6 3. d3 c6 4. Nf3 d6 5. h3 Nbd7 6. Bd2 Be7 7. e4 a6 8. a4 O-O
9. Be2 h6 10. O-O Nh7 11. b4 Ng5 12. Nxg5 Bxg5 13. Qc1 Bxd2 14. Qxd2 Nf6 15. a5
Be6 16. f4 exf4 17. Qxf4 Qe7 18. Rab1 Nd7 19. d4 f6 20. c5 dxc5 21. bxc5 Rab8
22. Rfe1 Nxc5 23. d5 Bf7 24. dxc6 Ne6 25. Nd5 Qc5+ 26. Qf2 bxc6 27. Qxc5 Nxc5
28. Ne7+ Kh7 29. Nxc6 Rxb1 30. Rxb1 Re8 31. Rb6 Rxe4 32. Bxa6 Nxa6 33. Rxa6 Bd5
34. Kf2 Ra4 35. Ne7 Ra2+ 36. Ke3 Bxg2 37. h4 Bh3 38. Kf4 Ra4+ 39. Kg3 Bf1 40.
Ra7 Bd3 41. Nd5 Kg6 42. Nf4+ Kf5 43. Nxd3 Ra3 44. Rd7 Rxa5 45. Rxg7 Ra3 46. Rd7
Ke4 47. Rd6 f5 48. Re6+ Kxd3 49. Kf4 1/2-1/2

[Event "SR 4. liga A21 2017/2018"]
[Site "?"]
[Date "2017.10.01"]
[Round "1.4"]
[White "Wallner, Juraj"]
[Black "Pericka, Pavol"]
[Result "1-0"]
[WhiteElo "1560"]
[BlackElo "1791"]
[PlyCount "83"]
[EventDate "2017.??.??"]

1. e4 e5 2. Nf3 Nc6 3. d4 exd4 4. Nxd4 Qh4 5. Qd3 Nf6 6. Nd2 Nb4 7. Qc4 Nxe4 8.
g3 Qe7 9. Be2 d5 10. Qb3 c5 11. c3 c4 12. Qxb4 Qxb4 13. cxb4 Bxb4 14. a3 Ba5
15. N4f3 Bh3 16. Bf1 Bg4 17. Bg2 O-O 18. O-O Nxd2 19. Nxd2 Rad8 20. Bf3 Bxf3
21. Nxf3 d4 22. Rd1 d3 23. Bd2 Bc7 24. Rac1 b5 25. b3 Bd6 26. bxc4 Bxa3 27.
cxb5 Bxc1 28. Rxc1 Rc8 29. Ra1 Rc7 30. Be3 Rd8 31. Nd2 Rb7 32. Rxa7 Rxb5 33.
Kg2 f6 34. Ra2 Rc8 35. Ra3 Rd5 36. Kf3 Rf5+ 37. Kg4 Rg5+ 38. Kf4 Rh5 39. h4 Re8
40. Bd4 Rd5 41. Rxd3 g5+ 42. Kf3 {nehratelné!} 1-0